00190nam a2200085 4500082001600000100001600016245004300032260002200075300000700097 a547.782 MAN aD.J.Manners aStructural Analysis of Polysaccharides aLondonbRICc1959 a40